000 00502nam a22001457a 4500
027 _qHard Cover.
040 _cSINES-NUST.
082 _a004
_bHAN
100 _aRabbiya Hanif.
_9110300
245 _aModeling and Analysis of Groundwater Level in Major Cities of Pakistan using Satellite Imagery and Machine Learning /
_cHanif, Rabbiya
260 _aIslamabad:
_bSINES-NUST,
_cMarch-2023.
300 _a48 p. :
_bill. ;
_c35cm.
650 _xMS-Computational Science and Engineering.
942 _2ddc
_cTHE
999 _c593738
_d593738